| 000 | 01140nam a2200253 a 4500 | ||
|---|---|---|---|
| 001 | 38979 | ||
| 003 | BD-RjUL | ||
| 005 | 20211209052908.0 | ||
| 008 | 160 s2010 bg ||||| |||| 001 0 ben d | ||
| 020 |
_a9789848815496 _c: TK. 400.00 |
||
| 035 | _a(BD-RjUL) 39089 | ||
| 040 |
_aBD-RjUL _bben _cBD-RjUL |
||
| 041 | _aben | ||
| 082 |
_223 _a320.954 _bAHD 2010 |
||
| 100 |
_aআহমদ, মওদুদ _9120340 |
||
| 245 | 1 | 0 |
_aদক্ষিণ এশিয়া উন্নয়নের সঙ্কট : _bবাংলাদেশ প্রেক্ষিত / _cমওদুদ আহমদ, অনুবাদ জগলুল আলম |
| 260 |
_aঢাকা : _bদি ইউনিভার্সিটি প্রেস, _c২০১০ |
||
| 300 |
_axv, ৩২০ পৃ. ; _c২২সেমি. |
||
| 500 | _aনির্ঘন্ট সংযুক্ত | ||
| 650 |
_aরাজনীতি ও সরকার _zদক্ষিণ এশিয়া _9120355 |
||
| 650 |
_a Politics and government. _zSouth Asia _9120356 |
||
| 700 |
_a আলম, জগলুল, অনুবাদক _9120341 |
||
| 942 |
_2ddc _cBK |
||
| 999 |
_c38979 _d38979 |
||